|
|
|
|
| LEADER |
00000nam a2200000 a 4500 |
| 001 |
vtls001358236 |
| 003 |
SK-MaSNL |
| 005 |
20260301160821.0 |
| 008 |
990319s1960 xr a g 00001 cze |
| 035 |
|
|
|a SNK000311755
|
| 040 |
|
|
|a SNK
|b slo
|c SNK
|e AACR2
|
| 041 |
1 |
|
|a cze
|h eng
|
| 044 |
|
|
|a xr
|c CZ
|
| 080 |
|
|
|a 316.347-054.51
|2 2001
|
| 080 |
|
|
|a 913(9)
|2 2011
|
| 080 |
|
|
|a (0:82-992)
|2 2011
|
| 100 |
1 |
|
|a Mytinger, Caroline
|4 aut
|4 ill
|9 522897
|
| 240 |
1 |
0 |
|a Headhunting in the Solomon Islands
|l Česky
|
| 245 |
1 |
0 |
|a Lovkyně lebek na Šalamounových ostrovech
|c Caroline Mytingerová ; [z anglického originálu ... přeložil Jaroslav Kraus ; ilustrace autorky]
|
| 260 |
|
|
|a Praha
|b Státní nakladatelství politické literatury
|c 1960
|
| 300 |
|
|
|a 273 s.
|b ilustr.
|c 24 cm
|
| 366 |
|
|
|e 20 400 výt.
|
| 490 |
1 |
|
|a Racek
|v sv. 2
|
| 500 |
|
|
|a Viazaná
|
| 650 |
0 |
7 |
|a domorodci
|2 SNKPH
|9 79835
|
| 650 |
0 |
7 |
|a kultúrna antropológia
|2 SNKPH
|9 720
|
| 651 |
|
7 |
|a Šalamúnove ostrovy
|2 SNKPH
|9 31689
|
| 655 |
|
7 |
|a cestopisy
|2 SNKPH
|9 70220
|
| 700 |
1 |
|
|a Kraus, Jaroslav
|4 trl
|9 281922
|
| 830 |
|
0 |
|a Racek
|9 311325
|
| 852 |
|
|
|a Štátna vedecká knižnica v Banskej Bystrici
|
| 999 |
|
|
|c 807039
|d 808969
|
| 952 |
|
|
|t P60, <05>, [BOOK], {605}
|a SNK
|b SNK
|y PREZ
|7 0
|p 17A0187450
|o snkIC 27660
|0 0
|1 0
|4 0
|d 1999-03-19
|l 0
|r 2005-01-02 00:00:00
|w 2026-02-24
|